| 000 | 00903nas a2200277 4500 | ||
|---|---|---|---|
| 001 | BR8201925 | ||
| 003 | BR-BrBNA | ||
| 005 | 20231205085123.0 | ||
| 007 | ta | ||
| 008 | 230509b bl.|||p| |||| 00| 00por d | ||
| 040 |
_aBR-BrBNA _bpor _cBiblioteca Nacional de Agricultura |
||
| 041 | _a(Pt) | ||
| 072 | _aQ10; S10 | ||
| 100 | 1 | _aCarvalho, V.D. de | |
| 245 | 1 | _aIndustrializacao do abacate [Persea americana; Conserva; Oleo; Analise de alimento; Brasil] | |
| 650 | _aABACATE | ||
| 650 | _aCONSERVA | ||
| 650 | _aOLEO VEGETAL | ||
| 650 | _aINDUSTRIA ALIMENTICIA | ||
| 650 | _aINDUSTRIALIZACAO | ||
| 650 | _aANALISE DE ALIMENTO | ||
| 650 | _aCOMPOSICAO DE ALIMENTO | ||
| 773 | 0 |
_tInforme Agropecuario - Empresa de Pesquisa Agropecuaria de Minas Gerais (Brazil) _xISSN 0100-3364 _g(Feb 1982), v. 8(86) p. 84-89 _wBR8201925 |
|
| 909 |
_a202311 _bLúcia _c55 _dLúcia Elande |
||
| 942 |
_2AGRIS _n0 _cANA |
||
| 999 |
_c109352 _d109352 |
||